000 00315nam a2200133Ia 4500
005 20251222144835.0
008 251222s9999||||xx |||||||||||||| ||spa||
082 _a291.13/S31
100 _aScott Wyatt, Jeffrey
245 0 _aSaint-Perre et le Vatican
250 _a1ra.ed.
264 _bVivaconcept
942 _cLIB
999 _c20996
_d20996